[Event "CYCC U14"]
[Site "Sault Ste Marie CAN"]
[Date "2017.07.07"]
[Round "3.46"]
[White "Ketterer, Quentin"]
[Black "Eirew, Milo"]
[Result "0-1"]
[WhiteElo "818"]
[BlackElo "996"]
[WhiteFideId "-1"]
[WhiteFideId "-1"]
[PlyCount "124"]
[GameId "2160767908410522"]
[EventDate "2017.07.06"]
[EventType "swiss"]
[EventRounds "7"]
[EventCountry "CAN"]
[SourceTitle "EXT 2022"]
[Source "ChessBase"]
[SourceDate "2021.10.06"]
[SourceVersion "1"]
[SourceVersionDate "2021.10.06"]
[SourceQuality "1"]

1. e4 e6 2. d4 d6 3. d5 e5 4. Nc3 Ne7 5. f4 f6 6. f5 c6 7. Bc4 c5 8. Nf3 g6 9. Nh4 Qa5 10. Bd2 Qd8 11. Na4 Bd7 12. b3 b5 13. Bxb5 Bxb5 14. c4 Bxa4 15. bxa4 a5 16. Rb1 Nd7 17. O-O Nb6 18. Qb3 Nec8 19. Qb5+ Qd7 20. Qxd7+ Kxd7 21. Rfc1 Kc7 22. Rb5 g5 23. Nf3 Nxa4 24. Bxa5+ Ncb6 25. Rcb1 Ra6 26. Bxb6+ Nxb6 27. Nd2 Bh6 28. a4 Rb8 29. a5 Nd7 30. h3 g4 31. Nb3 gxh3 32. gxh3 Be3+ 33. Kg2 Ra7 34. Na1 Bd4 35. Nc2 Bc3 36. Rxb8 Nxb8 37. Rb3 Bxa5 38. Na3 Rb7 39. Nb5+ Kd7 40. Ra3 Bb4 41. Rg3 Rb6 42. Rg7+ Kc8 43. Rg8+ Kb7 44. Rd8 h6 45. Nxd6+ Kc7 46. Nf7 Rb7 47. Rd6 Rb6 48. Rd8 Nd7 49. d6+ Kc6 50. Kf3 Rb8 51. Rxb8 Nxb8 52. Kg4 Bd2 53. Kh5 Nd7 54. Kg6 Kb6 55. Nd8 Ka5 56. Ne6 Kb4 57. Kf7 Kxc4 58. Ke7 Nb6 59. Kxf6 Kb4 60. Nxc5 Kxc5 61. Ke6 Kc6 62. f6 Bf4 0-1

[Event "CYCC U14"]
[Site "Sault Ste Marie CAN"]
[Date "2017.07.07"]
[Round "3.48"]
[White "Grant, Nicholas"]
[Black "Renard, Christopher"]
[Result "0-1"]
[WhiteElo "550"]
[BlackElo "908"]
[WhiteFideId "-1"]
[WhiteFideId "-1"]
[PlyCount "126"]
[GameId "2160767908410524"]
[EventDate "2017.07.06"]
[EventType "swiss"]
[EventRounds "7"]
[EventCountry "CAN"]
[SourceTitle "hb 2017"]

1. e4 e5 2. Nf3 Nc6 3. Bc4 Bc5 4. d3 h6 5. Nc3 Nf6 6. Qe2 Bd4 7. Be3 Bxe3 8. Qxe3 Nb4 9. Bb3 d6 10. a3 Nc6 11. d4 Bg4 12. dxe5 dxe5 13. Ba4 Bxf3 14. Qxf3 O-O 15. Qg3 Qd6 16. Qd3 Rad8 17. O-O-O Rd7 18. Qxd6 Rxd6 19. Rxd6 cxd6 20. Nd5 Nxd5 21. exd5 Ne7 22. Rd1 f5 23. g3 f4 24. Bb3 fxg3 25. fxg3 Rf2 26. Kb1 Rxh2 27. Rf1 Rg2 28. Rf3 b5 29. c4 a6 30. cxb5 axb5 31. Bc2 Nxd5 32. Bb3 Rd2 33. Rc3 Kh7 34. Kc1 Nxc3 35. Kxd2 Ne4+ 36. Kc2 Nxg3 37. Kc3 Ne4+ 38. Kb4 g5 39. Bc2 d5 40. Kxb5 Kg7 41. a4 g4 42. Bd1 g3 43. Bf3 h5 44. a5 h4 45. a6 h3 46. a7 Nd6+ 47. Kb6 Nc8+ 48. Kb7 Nxa7 49. Kxa7 e4 50. Bg4 h2 51. b4 g2 52. b5 h1=Q 53. b6 g1=Q 54. Kb8 e3 55. b7 d4 56. Ka7 Qxb7+ 57. Kxb7 Qxg4 58. Kb6 d3 59. Kb5 d2 60. Kc5 d1=Q 61. Kc6 Qgd7+ 62. Kb6 Qb1+ 63. Ka5 Qdb5# 0-1

[Event "CYCC U14"]
[Site "Sault Ste Marie CAN"]
[Date "2017.07.07"]
[Round "4.32"]
[White "Gaisinsky, Adam"]
[Black "Surya, Benito"]
[Result "1-0"]
[WhiteElo "2056"]
[BlackElo "1994"]
[WhiteFideId "-1"]
[WhiteFideId "-1"]
[PlyCount "80"]
[GameId "2160767908410527"]
[EventDate "2017.07.06"]
[EventType "swiss"]
[EventRounds "7"]
[EventCountry "CAN"]
[SourceTitle "hb 2017"]

1. e4 d5 2. exd5 Qxd5 3. Nc3 Qa5 4. d4 Nf6 5. Bc4 Nc6 6. Bf4 Be6 7. Bxe6 fxe6 8. Nf3 O-O-O 9. O-O g6 10. Ne5 Nxe5 11. Bxe5 Bg7 12. Qe2 Nh5 13. Bxg7 Nxg7 14. Rad1 Qb6 15. Qe5 Nf5 16. d5 exd5 17. Nxd5 Qd6 18. Qe4 c6 19. Nb6+ axb6 20. Rxd6 exd6 21. Re1 Rd7 22. g4 Ng7 23. Qd4 Kc7 24. Qf6 Re8 25. Rxe8 Nxe8 26. Qf8 Ng7 27. Qg8 Re7 28. Qxh7 Nf5 29. Qh8 Re1+ 30. Kg2 Ne7 31. Qc3 Re5 32. f4 Nd5 33. fxe5 Nxc3 34. exd6+ Kxd6 35. bxc3 Ke5 36. Kf3 b5 37. h4 Kf6 38. Kf4 c5 39. a3 g5+ 40. hxg5+ Kg6 1-0

[Event "CYCC U14"]
[Site "Sault Ste Marie CAN"]
[Date "2017.07.07"]
[Round "4.33"]
[White "Bu, Kevin1"]
[Black "Hua, Eugene"]
[Result "1/2-1/2"]
[WhiteElo "1951"]
[BlackElo "2358"]
[WhiteFideId "-1"]
[WhiteFideId "-1"]
[PlyCount "74"]
[GameId "2160767908410528"]
[EventDate "2017.07.06"]
[EventType "swiss"]
[EventRounds "7"]
[EventCountry "CAN"]
[SourceTitle "EXT 2022"]
[Source "ChessBase"]
[SourceDate "2021.10.06"]
[SourceVersion "1"]
[SourceVersionDate "2021.10.06"]
[SourceQuality "1"]

1. e4 c5 2. g3 Nc6 3. Bg2 g6 4. d3 Bg7 5. c3 e5 6. Be3 d6 7. Na3 Nge7 8. Ne2 O-O 9. O-O b6 10. Qd2 Be6 11. d4 exd4 12. cxd4 d5 13. Rfd1 dxe4 14. Bxe4 Bd5 15. Bxd5 Nxd5 16. dxc5 Nxe3 17. Qxe3 Qe8 18. Nc2 bxc5 19. Rab1 Ne5 20. Nc3 Qc6 21. Rd5 Rfe8 22. Qxc5 Qf6 23. Ne3 Bh6 24. f4 Bxf4 25. gxf4 Nf3+ 26. Kg2 Qxf4 27. Nf1 Nh4+ 28. Kg1 Nf3+ 29. Kg2 Nh4+ 30. Kg1 Qg4+ 31. Ng3 Rac8 32. Qf2 Nf3+ 33. Kh1 Rc4 34. Rf1 Rf4 35. Rd3 Ne5 36. Qxf4 Qxf4 37. Rxf4 Nxd3 1/2-1/2

[Event "CYCC U14"]
[Site "Sault Ste Marie CAN"]
[Date "2017.07.07"]
[Round "4.34"]
[White "Wang, Kaixin"]
[Black "Papneja, Arul"]
[Result "0-1"]
[WhiteElo "1957"]
[BlackElo "1682"]
[WhiteFideId "-1"]
[WhiteFideId "-1"]
[PlyCount "94"]
[GameId "2160767908410529"]
[EventDate "2017.07.06"]
[EventType "swiss"]
[EventRounds "7"]
[EventCountry "CAN"]
[SourceTitle "hb 2017"]

1. e4 c5 2. Nf3 d6 3. d4 cxd4 4. Nxd4 Nf6 5. Nc3 a6 6. Bg5 e6 7. f4 Be7 8. Qf3 h6 9. Bh4 Qc7 10. O-O-O Nbd7 11. g4 g5 12. fxg5 Ne5 13. Qf4 Nfxg4 14. Kb1 Qd8 15. Nf3 Nxf3 16. Qxf3 Ne5 17. Qe2 hxg5 18. Bg3 Qc7 19. Bg2 b5 20. a3 Bb7 21. h3 Rc8 22. Na2 Nc4 23. e5 Bxg2 24. exd6 Bxd6 25. Bxd6 Nxd6 26. Qxg2 Qe7 27. Nb4 a5 28. Nc6 Qc7 29. Nxa5 Nf5 30. Qd2 Ng3 31. Rh2 Rd8 32. Qxd8+ Qxd8 33. Rxd8+ Kxd8 34. Nc6+ Kc7 35. Nd4 Kb6 36. Kc1 g4 37. h4 e5 38. Ne2 Ne4 39. Nc3 Nxc3 40. bxc3 f5 41. Kd2 g3 42. Re2 Rg8 43. Rg2 f4 44. Ke2 Rf8 45. Kf3 e4+ 46. Kxe4 f3 47. Rxg3 f2 0-1

[Event "CYCC U14"]
[Site "Sault Ste Marie CAN"]
[Date "2017.07.07"]
[Round "4.35"]
[White "Washimkar, Arhant"]
[Black "Mirabelli, Aidan"]
[Result "1-0"]
[WhiteElo "1922"]
[BlackElo "1453"]
[WhiteFideId "-1"]
[WhiteFideId "-1"]
[PlyCount "104"]
[GameId "2160767908410530"]
[EventDate "2017.07.06"]
[EventType "swiss"]
[EventRounds "7"]
[EventCountry "CAN"]
[SourceTitle "hb 2017"]

1. e4 c5 2. Nf3 d6 3. Bb5+ Bd7 4. Bxd7+ Qxd7 5. O-O Nc6 6. c3 Nf6 7. Re1 e6 8. d4 cxd4 9. cxd4 Be7 10. Nc3 O-O 11. Bg5 Rad8 12. Qe2 h6 13. Bf4 Nh5 14. Be3 Nf6 15. Rad1 a6 16. e5 Nd5 17. Nxd5 exd5 18. Bf4 Rfe8 19. Qd3 dxe5 20. Nxe5 Nxe5 21. dxe5 Bc5 22. Re2 Qa4 23. Bg3 Qc6 24. Rc2 Qb6 25. h3 Re6 26. Kh2 f6 27. Qf5 Be7 28. Re2 fxe5 29. Rxe5 Rxe5 30. Bxe5 Rf8 31. Qd7 Bf6 32. Qxd5+ Kh8 33. Bxf6 Qxf6 34. Rd2 b6 35. Qd6 Qxd6+ 36. Rxd6 Rb8 37. Kg3 Kh7 38. Kf4 Rf8+ 39. Ke3 Rf6 40. Rxf6 gxf6 41. f4 Kg6 42. g4 f5 43. Kd4 fxg4 44. hxg4 h5 45. gxh5+ Kxh5 46. Ke5 Kg6 47. Ke6 Kg7 48. f5 Kf8 49. f6 a5 50. a4 Ke8 51. b3 Kf8 52. f7 Kg7 1-0

[Event "CYCC U14"]
[Site "Sault Ste Marie CAN"]
[Date "2017.07.07"]
[Round "4.36"]
[White "Liao, Joseph"]
[Black "Feng, Richard"]
[Result "0-1"]
[WhiteElo "1674"]
[BlackElo "1866"]
[WhiteFideId "-1"]
[WhiteFideId "-1"]
[PlyCount "124"]
[GameId "2160767908410531"]
[EventDate "2017.07.06"]
[EventType "swiss"]
[EventRounds "7"]
[EventCountry "CAN"]
[SourceTitle "hb 2017"]

1. e4 c5 2. d4 cxd4 3. c3 d3 4. Bxd3 g6 5. Nf3 Bg7 6. O-O Nc6 7. c4 d6 8. h3 Nf6 9. Nc3 O-O 10. Be3 Nd7 11. Qd2 Nc5 12. Rad1 Bh8 13. Bc2 Be6 14. Qe2 Qa5 15. Nd4 Bxd4 16. Bxd4 Qb4 17. Bxc5 dxc5 18. Nd5 Bxd5 19. exd5 Nd4 20. Qd3 Qxb2 21. Bb3 Rfd8 22. Rfe1 Rd7 23. Qe3 Qa3 24. Qc3 a5 25. Qc1 Qb4 26. Qd2 Qxd2 27. Rxd2 Kf8 28. Ba4 Rc7 29. Rb1 Nf5 30. Rdb2 Nd6 31. Bb5 a4 32. a3 Kg7 33. Kf1 Ne4 34. f3 Nd6 35. Kf2 Nf5 36. g4 Nd4 37. h4 h6 38. Kg3 Kf6 39. Kf4 Kg7 40. Kg3 Kf6 41. Kf4 e5+ 42. Ke4 Ke7 43. Rf1 Kd6 44. f4 exf4 45. Rxf4 f5+ 46. gxf5 gxf5+ 47. Kd3 Re7 48. Rg2 Re1 49. Kd2 Rh1 50. Rg6+ Ke5 51. Rf2 Rxh4 52. Rb6 Nxb5 53. cxb5 Rb8 54. Re2+ Kxd5 55. Re7 Rh2+ 56. Kd1 Rb2 57. Rbxb7 Rxb7 58. Rxb7 c4 59. Rh7 Rxb5 60. Rxh6 Rb3 61. Rh5 Ke4 62. Rh4+ f4 0-1

[Event "CYCC U14"]
[Site "Sault Ste Marie CAN"]
[Date "2017.07.07"]
[Round "4.37"]
[White "Chung, Alec"]
[Black "Xu, William1"]
[Result "1-0"]
[WhiteElo "1799"]
[BlackElo "1283"]
[WhiteFideId "-1"]
[WhiteFideId "-1"]
[PlyCount "105"]
[GameId "2160767908410532"]
[EventDate "2017.07.06"]
[EventType "swiss"]
[EventRounds "7"]
[EventCountry "CAN"]
[SourceTitle "EXT 2022"]
[Source "ChessBase"]
[SourceDate "2021.10.06"]
[SourceVersion "1"]
[SourceVersionDate "2021.10.06"]
[SourceQuality "1"]

1. c4 g6 2. Nc3 Bg7 3. g3 Nc6 4. Bg2 d6 5. e4 Ne5 6. d3 Bg4 7. f3 Bd7 8. Be3 c5 9. Nge2 Qb6 10. Qd2 Qxb2 11. Rb1 Qxd2+ 12. Kxd2 Rb8 13. Nd5 Bc6 14. Nec3 Nf6 15. h3 Nxd5 16. exd5 Bd7 17. f4 Ng4 18. hxg4 Bxg4 19. Bh3 Bxh3 20. Rxh3 O-O 21. Ne2 e6 22. dxe6 fxe6 23. Nc3 e5 24. Ne4 Rfd8 25. Ng5 h6 26. Ne6 Re8 27. Nxg7 Kxg7 28. fxe5 Rxe5 29. Bxh6+ Kf7 30. Bf4 Rf5 31. Bxd6 Rd8 32. Bf4 g5 33. Rxb7+ Kg6 34. Be3 Rf3 35. Rxa7 g4 36. Rhh7 Rxg3 37. Rag7+ Kf6 38. Bg5+ Kf5 39. Bxd8 Rg2+ 40. Ke3 Rg3+ 41. Ke2 Rg2+ 42. Kf1 Rxa2 43. Rg5+ Kf4 44. Rhg7 Kf3 45. Rf5+ Ke3 46. Rxg4 Kxd3 47. Rf3+ Kc2 48. Rg2+ Kb1 49. Rb3+ Ka1 50. Bf6+ Rb2 51. Ra3+ Kb1 52. Rxb2+ Kc1 53. Ra1# 1-0

[Event "CYCC U14"]
[Site "Sault Ste Marie CAN"]
[Date "2017.07.07"]
[Round "4.38"]
[White "Makarczyk, David"]
[Black "Lehingrat, Callum"]
[Result "0-1"]
[WhiteElo "1414"]
[BlackElo "1794"]
[WhiteFideId "-1"]
[WhiteFideId "-1"]
[PlyCount "58"]
[GameId "2160767908410533"]
[EventDate "2017.07.06"]
[EventType "swiss"]
[EventRounds "7"]
[EventCountry "CAN"]
[SourceTitle "EXT 2022"]
[Source "ChessBase"]
[SourceDate "2021.10.06"]
[SourceVersion "1"]
[SourceVersionDate "2021.10.06"]
[SourceQuality "1"]

1. e4 c5 2. Nc3 a6 3. f4 b5 4. Nf3 Bb7 5. e5 e6 6. Bd3 d5 7. O-O Nh6 8. a4 b4 9. Nb1 Nc6 10. c3 c4 11. Be2 Qb6+ 12. Kh1 Bc5 13. Ne1 Nf5 14. d3 bxc3 15. Nxc3 Rd8 16. Nf3 h5 17. Ng5 Ncd4 18. Nf3 h4 19. Ng1 Nb3 20. a5 Qa7 21. Nh3 Nxa1 22. Qa4+ Rd7 23. Qxa1 Qa8 24. dxc4 d4 25. Nd1 Bxg2+ 26. Kg1 d3+ 27. Nhf2 dxe2 28. Re1 Bh3 29. Rxe2 Qg2# 0-1

[Event "CYCC U14"]
[Site "Sault Ste Marie CAN"]
[Date "2017.07.07"]
[Round "4.39"]
[White "Dornieden, Jonas"]
[Black "Xie, Daniel"]
[Result "1-0"]
[WhiteElo "1729"]
[BlackElo "1102"]
[WhiteFideId "-1"]
[WhiteFideId "-1"]
[PlyCount "107"]
[GameId "2160767908410534"]
[EventDate "2017.07.06"]
[EventType "swiss"]
[EventRounds "7"]
[EventCountry "CAN"]
[SourceTitle "hb 2017"]

1. e4 c5 2. Nf3 Nc6 3. d4 cxd4 4. Nxd4 Qb6 5. c3 Nf6 6. Qd3 e6 7. Nd2 a6 8. Nc4 Qc7 9. Be2 Be7 10. O-O b5 11. Nd2 Bb7 12. f4 e5 13. Nxc6 Bxc6 14. fxe5 Qxe5 15. Rf5 Qc7 16. Qd4 O-O 17. Bd3 g6 18. Rxf6 Bxf6 19. Qxf6 Rfe8 20. Nf3 Re6 21. Qd4 Qa7 22. Qxa7 Rxa7 23. Nd4 Re8 24. Nxc6 dxc6 25. Kf2 Rd7 26. Ke3 f5 27. Bc2 fxe4 28. Bd2 Rde7 29. Rf1 g5 30. Rf6 Re6 31. Rxe6 Rxe6 32. Bb3 Kf7 33. Bxe6+ Kxe6 34. Kxe4 g4 35. h3 gxh3 36. gxh3 h5 37. c4 Kf6 38. Kf4 bxc4 39. Bc3+ Ke6 40. Kg5 Kf7 41. Kxh5 Kg8 42. Kg6 c5 43. h4 a5 44. h5 Kf8 45. h6 a4 46. h7 a3 47. bxa3 Ke7 48. h8=Q Kd7 49. Qf6 Kc7 50. Qe6 Kb7 51. Qd6 Ka8 52. Qd7 Kb8 53. Kf6 Ka8 54. Ke6 1-0

[Event "CYCC U14"]
[Site "Sault Ste Marie CAN"]
[Date "2017.07.07"]
[Round "4.40"]
[White "Yang, Brett"]
[Black "Shinn, Jungmin"]
[Result "1/2-1/2"]
[WhiteElo "1247"]
[BlackElo "1079"]
[WhiteFideId "-1"]
[WhiteFideId "-1"]
[PlyCount "50"]
[GameId "2160767908410535"]
[EventDate "2017.07.06"]
[EventType "swiss"]
[EventRounds "7"]
[EventCountry "CAN"]
[SourceTitle "hb 2017"]

1. e4 c5 2. Nf3 d6 3. d4 cxd4 4. Nxd4 Nf6 5. Nc3 a6 6. Bd3 Nc6 7. Nxc6 bxc6 8. O-O Bg4 9. Be2 Bxe2 10. Qxe2 e5 11. Bg5 h6 12. Bh4 Be7 13. Rad1 O-O 14. Rd3 Ne8 15. Bg3 Qc8 16. f4 Bf6 17. fxe5 Bxe5 18. Bxe5 dxe5 19. Rg3 Qe6 20. b3 Nf6 21. Qf3 Nh7 22. Qf5 Qxf5 23. Rxf5 f6 24. Kf2 Rad8 25. Ke3 Ng5 1/2-1/2

[Event "CYCC U14"]
[Site "Sault Ste Marie CAN"]
[Date "2017.07.07"]
[Round "4.41"]
[White "Renard, Christopher"]
[Black "Eckert, Ethan"]
[Result "0-1"]
[WhiteElo "908"]
[BlackElo "1239"]
[WhiteFideId "-1"]
[WhiteFideId "-1"]
[PlyCount "64"]
[GameId "2160767908410536"]
[EventDate "2017.07.06"]
[EventType "swiss"]
[EventRounds "7"]
[EventCountry "CAN"]
[SourceTitle "hb 2017"]

1. e4 e5 2. Nf3 Nc6 3. Bc4 Nf6 4. d3 Bc5 5. c3 Bb6 6. Nbd2 O-O 7. Nf1 d6 8. h3 Be6 9. Bb3 Qd7 10. Ng5 Kh8 11. Nxe6 fxe6 12. Bg5 Bxf2+ 13. Kd2 Na5 14. Ba4 c6 15. b4 Nc4+ 16. Kc2 Na3+ 17. Kb2 Nb5 18. g3 Nxc3 19. Kxc3 Bd4+ 20. Kb3 Bxa1 21. Qxa1 b5 22. Bxb5 cxb5 23. Ne3 h6 24. Bxf6 Rxf6 25. Ng4 Rf7 26. d4 Rf3+ 27. Kc2 Qc6+ 28. Kd2 Qxe4 29. Re1 Qd3+ 30. Kc1 Rc8+ 31. Kb2 Qc3+ 32. Kb1 Qc2# 0-1

[Event "CYCC U14"]
[Site "Sault Ste Marie CAN"]
[Date "2017.07.07"]
[Round "4.42"]
[White "Zhang, Kevin3"]
[Black "Huang, Jingran"]
[Result "0-1"]
[WhiteElo "1205"]
[BlackElo "1015"]
[WhiteFideId "-1"]
[WhiteFideId "-1"]
[PlyCount "128"]
[GameId "2160767908410537"]
[EventDate "2017.07.06"]
[EventType "swiss"]
[EventRounds "7"]
[EventCountry "CAN"]
[SourceTitle "EXT 2022"]
[Source "ChessBase"]
[SourceDate "2021.10.06"]
[SourceVersion "1"]
[SourceVersionDate "2021.10.06"]
[SourceQuality "1"]

1. e4 c5 2. Nf3 d6 3. d4 cxd4 4. Nxd4 Nf6 5. Nc3 a6 6. Bd3 Bd7 7. O-O e6 8. Re1 Nc6 9. Nf3 Qc7 10. Bg5 Be7 11. Qd2 h6 12. Bf4 O-O 13. Rad1 Ne5 14. Nxe5 dxe5 15. Bg3 Bc6 16. a3 Nh5 17. Nd5 exd5 18. exd5 Nxg3 19. dxc6 Nh5 20. cxb7 Rad8 21. Qe2 Nf4 22. Qxe5 Bd6 23. Qe4 Nxd3 24. cxd3 Rb8 25. Qd4 Rfe8 26. Qc4 Qxc4 27. dxc4 Bf8 28. g3 Rxe1+ 29. Rxe1 Rxb7 30. b4 Be7 31. Kg2 Kh7 32. Kf3 Kg6 33. Rc1 Bf6 34. Rc2 Kf5 35. Re2 Rd7 36. g4+ Kg5 37. Re3 Rd4 38. Re4 Rxe4 39. Kxe4 Kxg4 40. Kd5 Kh3 41. Kc6 Kxh2 42. Kd7 Be5 43. a4 h5 44. c5 h4 45. b5 axb5 46. axb5 h3 47. b6 Kg1 48. c6 h2 49. c7 Bxc7 50. bxc7 h1=Q 51. c8=Q Qh3+ 52. Kc7 Qxc8+ 53. Kxc8 Kxf2 54. Kd7 g5 55. Ke7 g4 56. Kxf7 g3 57. Kg6 g2 58. Kh5 g1=Q 59. Kh6 Qg4 60. Kh7 Qg5 61. Kh8 Kf3 62. Kh7 Kf4 63. Kh8 Kf5 64. Kh7 Kf6 0-1

[Event "CYCC U14"]
[Site "Sault Ste Marie CAN"]
[Date "2017.07.07"]
[Round "4.43"]
[White "Eirew, Milo"]
[Black "Yang, Brian"]
[Result "0-1"]
[WhiteElo "996"]
[BlackElo "1194"]
[WhiteFideId "-1"]
[WhiteFideId "-1"]
[PlyCount "44"]
[GameId "2160767908410539"]
[EventDate "2017.07.06"]
[EventType "swiss"]
[EventRounds "7"]
[EventCountry "CAN"]
[SourceTitle "EXT 2022"]
[Source "ChessBase"]
[SourceDate "2021.10.06"]
[SourceVersion "1"]
[SourceVersionDate "2021.10.06"]
[SourceQuality "1"]

1. e4 c5 2. c3 d5 3. d3 Nc6 4. Nd2 e6 5. Ngf3 Nf6 6. e5 Nd7 7. d4 Be7 8. b3 cxd4 9. cxd4 O-O 10. Bb2 f6 11. Bd3 fxe5 12. Nxe5 Ndxe5 13. dxe5 Qb6 14. O-O Bd7 15. Nf3 Rac8 16. Qd2 Nb4 17. a3 Nxd3 18. Qxd3 Bb5 19. Qb1 Bxf1 20. Kxf1 Rc7 21. Bc1 a6 22. Ng5 Qxf2# 0-1

[Event "CYCC U14"]
[Site "Sault Ste Marie CAN"]
[Date "2017.07.07"]
[Round "4.45"]
[White "Laird, Alexander"]
[Black "Patel, Ayush"]
[Result "1-0"]
[WhiteElo "1101"]
[BlackElo "1135"]
[WhiteFideId "-1"]
[WhiteFideId "-1"]
[PlyCount "89"]
[GameId "2160767908410541"]
[EventDate "2017.07.06"]
[EventType "swiss"]
[EventRounds "7"]
[EventCountry "CAN"]
[SourceTitle "EXT 2022"]
[Source "ChessBase"]
[SourceDate "2021.10.06"]
[SourceVersion "1"]
[SourceVersionDate "2021.10.06"]
[SourceQuality "1"]

1. d4 d5 2. Bf4 c6 3. Nf3 e6 4. e3 Bb4+ 5. c3 Bd6 6. Bxd6 Qxd6 7. Bd3 Ne7 8. Nbd2 O-O 9. Qc2 b6 10. Bxh7+ Kh8 11. Bd3 c5 12. Rc1 Nbc6 13. Nh4 e5 14. dxe5 Nxe5 15. O-O Ng4 16. g3 c4 17. Be2 Ne5 18. e4 d4 19. cxd4 Qxd4 20. Rcd1 Nd3 21. Nxc4 Qxe4 22. Bxd3 Qc6 23. Be4 Qe6 24. Bxa8 Ba6 25. Be4 Bxc4 26. Rfe1 Bxa2 27. Bg6 Qf6 28. Bf5 a5 29. Qe4 Re8 30. Bd7 Rd8 31. Qxe7 Qxe7 32. Rxe7 Bb3 33. Rde1 Be6 34. Bxe6 fxe6 35. R1xe6 b5 36. Ng6+ Kh7 37. Nf4 a4 38. Rb7 b4 39. Rxb4 Ra8 40. h4 a3 41. bxa3 Rxa3 42. Rb8 Ra1+ 43. Kg2 g6 44. Rb7+ Kh6 45. Rxg6# 1-0

[Event "CYCC U14"]
[Site "Sault Ste Marie CAN"]
[Date "2017.07.07"]
[Round "4.47"]
[White "Asemota, Eghosa"]
[Black "Cyrenne, Cole"]
[Result "0-1"]
[WhiteElo "799"]
[BlackElo "993"]
[WhiteFideId "-1"]
[WhiteFideId "-1"]
[PlyCount "100"]
[GameId "2160767908410543"]
[EventDate "2017.07.06"]
[EventType "swiss"]
[EventRounds "7"]
[EventCountry "CAN"]
[SourceTitle "hb 2017"]

1. d4 f5 2. f3 e6 3. Bf4 Nf6 4. Nc3 Bb4 5. Bd2 O-O 6. e4 b6 7. a3 Bxc3 8. Bxc3 fxe4 9. fxe4 Nxe4 10. Nf3 Bb7 11. Bd3 Qf6 12. Bxe4 Bxe4 13. O-O Nc6 14. Nd2 Qg6 15. Nxe4 Qxe4 16. Qd3 Qxd3 17. cxd3 Ne7 18. Rxf8+ Rxf8 19. Rf1 Nd5 20. Rxf8+ Kxf8 21. Kf2 Nf4 22. Bb4+ d6 23. Ke3 Nxg2+ 24. Ke4 c5 25. dxc5 dxc5 26. Bc3 g6 27. h3 Kf7 28. b4 cxb4 29. Bxb4 Kf6 30. Bd6 h5 31. Bb8 a6 32. Bg3 g5 33. Bf2 b5 34. h4 Nxh4 35. Kd4 Kf5 36. Kc5 Nf3 37. Kb6 h4 38. Kxa6 h3 39. Bg3 Kg4 40. Bd6 h2 41. Bxh2 Nxh2 42. Kxb5 Nf3 43. a4 Nd4+ 44. Kc4 Nc6 45. Kc5 Na5 46. Kb5 Kf4 47. Kxa5 g4 48. Kb5 g3 49. a5 g2 50. a6 g1=Q 0-1

[Event "CYCC U14"]
[Site "Sault Ste Marie CAN"]
[Date "2017.07.07"]
[Round "4.48"]
[White "Sher, Oleg"]
[Black "Ketterer, Quentin"]
[Result "1/2-1/2"]
[WhiteElo "1022"]
[BlackElo "818"]
[WhiteFideId "-1"]
[WhiteFideId "-1"]
[PlyCount "50"]
[GameId "2160767908410544"]
[EventDate "2017.07.06"]
[EventType "swiss"]
[EventRounds "7"]
[EventCountry "CAN"]
[SourceTitle "hb 2017"]

1. d4 Nc6 2. Nf3 d6 3. c4 e5 4. dxe5 dxe5 5. Qxd8+ Nxd8 6. Nxe5 Be6 7. e3 Bd6 8. Nf3 Nf6 9. Be2 O-O 10. O-O Nc6 11. Nc3 Be5 12. Nxe5 Nxe5 13. Rd1 Bxc4 14. Bxc4 Nxc4 15. b3 Nd6 16. Ba3 Rad8 17. Rd2 Nde4 18. Rxd8 Rxd8 19. Nxe4 Nxe4 20. f3 Nc3 21. Bb2 Ne2+ 22. Kf2 Nf4 23. exf4 Rd2+ 24. Ke3 Rxb2 25. Rd1 g6 1/2-1/2

[Event "CYCC U14"]
[Site "Sault Ste Marie CAN"]
[Date "2017.07.08"]
[Round "5.31"]
[White "Huang, Qiuyu"]
[Black "Gaisinsky, Adam"]
[Result "1-0"]
[WhiteElo "2239"]
[BlackElo "2056"]
[WhiteFideId "-1"]
[WhiteFideId "-1"]
[PlyCount "93"]
[GameId "2160767908410545"]
[EventDate "2017.07.06"]
[EventType "swiss"]
[EventRounds "7"]
[EventCountry "CAN"]
[SourceTitle "hb 2017"]

1. e4 c6 2. d4 d5 3. exd5 cxd5 4. Bd3 Nc6 5. c3 Qc7 6. h3 Nf6 7. Nf3 e6 8. O-O Bd6 9. Re1 O-O 10. Qc2 h6 11. Nbd2 Rb8 12. Nf1 b5 13. Be3 Nh5 14. Qe2 b4 15. Ne5 Nf6 16. Rac1 Bxe5 17. dxe5 Qxe5 18. cxb4 Nxb4 19. Bxa7 Qxe2 20. Bxe2 Rb7 21. Bc5 Re8 22. a3 Nc6 23. b4 Bd7 24. Nd2 Ra8 25. Ra1 Be8 26. f4 Nd7 27. Bf2 Nb6 28. Rec1 Na4 29. Nb3 Kf8 30. Nc5 Nxc5 31. Bxc5+ Kg8 32. Rcb1 Bd7 33. a4 f6 34. a5 Nb8 35. b5 Rc7 36. Bd6 Rc2 37. b6 Rxe2 38. b7 Ra6 39. Bxb8 Bc6 40. Bc7 Bxb7 41. Rxb7 Rc2 42. Bb6 Rb2 43. Rc1 Rxa5 44. Rcc7 Rab5 45. Rxg7+ Kh8 46. Rgc7 Rxb6 47. Rc8# 1-0

[Event "CYCC U14"]
[Site "Sault Ste Marie CAN"]
[Date "2017.07.08"]
[Round "5.32"]
[White "Hua, Eugene"]
[Black "Feng, Richard"]
[Result "1-0"]
[WhiteElo "2358"]
[BlackElo "1866"]
[WhiteFideId "-1"]
[WhiteFideId "-1"]
[PlyCount "57"]
[GameId "2160767908410546"]
[EventDate "2017.07.06"]
[EventType "swiss"]
[EventRounds "7"]
[EventCountry "CAN"]
[SourceTitle "hb 2017"]

1. e4 c5 2. Nf3 d6 3. d4 cxd4 4. Qxd4 Nc6 5. Bb5 Bd7 6. Bxc6 Bxc6 7. Nc3 Nf6 8. Bg5 e6 9. O-O-O Be7 10. Rhe1 O-O 11. Kb1 d5 12. Bxf6 Bxf6 13. e5 Be7 14. Qg4 Qb6 15. Nd4 Ba3 16. b3 Qb4 17. Re3 Rfc8 18. Rg3 g6 19. Rh3 Be8 20. Nce2 Bb5 21. Qh4 h5 22. Nf4 Rc3 23. Nxh5 gxh5 24. Qg5+ Kf8 25. Rxh5 Ke8 26. Rh8+ Kd7 27. Rxa8 Rxb3+ 28. axb3 Qc3 29. Qd8# 1-0

[Event "CYCC U14"]
[Site "Sault Ste Marie CAN"]
[Date "2017.07.08"]
[Round "5.33"]
[White "Zhang, Henry"]
[Black "Chung, Alec"]
[Result "0-1"]
[WhiteElo "2108"]
[BlackElo "1799"]
[WhiteFideId "-1"]
[WhiteFideId "-1"]
[PlyCount "66"]
[GameId "2160767908410547"]
[EventDate "2017.07.06"]
[EventType "swiss"]
[EventRounds "7"]
[EventCountry "CAN"]
[SourceTitle "EXT 2022"]
[Source "ChessBase"]
[SourceDate "2021.10.06"]
[SourceVersion "1"]
[SourceVersionDate "2021.10.06"]
[SourceQuality "1"]

1. e4 c5 2. Nf3 d6 3. d4 cxd4 4. Qxd4 a6 5. c4 Nc6 6. Qe3 Nf6 7. h3 g6 8. Be2 Bg7 9. O-O Bd7 10. Nc3 O-O 11. Rd1 Qc7 12. Rb1 Na7 13. c5 Rfd8 14. cxd6 exd6 15. Bd2 Bc6 16. Nd4 d5 17. e5 Ne4 18. f4 Nxc3 19. Bxc3 Nb5 20. Nxb5 Bxb5 21. Bxb5 axb5 22. a3 Rac8 23. Kh1 Bf8 24. Rd3 Bc5 25. Qd2 Rd7 26. Rxd5 Rcd8 27. Rxd7 Rxd7 28. Qe2 Qd8 29. Rc1 Rd3 30. Ba5 Qd5 31. Rxc5 Rxh3+ 32. Kg1 Qxc5+ 33. Qf2 Rh1+ 0-1